00689nam a2200205Ia 4500003000900000008004100009020002200050040001600072080002500088245010700113260002500220300001700245490005400262650001700316650003000333650003500363700002400398700003100422700003000453IN-BaIIA211028s9999 xx 000 0 eng d a978-3-319-03040-1 cIIA Library a524.3-52(082.1)bTHE 4aThe labyrinth of star formationcedited by Dimitris Stamatellos, Simon Goodwin and Derek Ward-Thompson aChambSpringerc2014 axxxii, 522p. aAstrophysics and space science proceedings; v. 36 aAstrophysics aAstrophysics - congresses aStars - Formation - Congresses aGoodwin, Simon.,ed. aStamatellos, Dimitris.,ed. aWard-Thompson, Derek eds.